The definitive guide to retail and leisure parks 2006 (Record no. 104793)

MARC details
000 -LEADER
fixed length control field 00945cam a2200217 4500
001 - CONTROL NUMBER
control field ##L131607
008 - FIXED-LENGTH DATA ELEMENTS--GENERAL INFORMATION
fixed length control field 051118n2005 000 0 eng u
035 ## - SYSTEM CONTROL NUMBER
System control number (Sirsi) u131607
041 0# - LANGUAGE CODE
Language code of text/sound track or separate title eng
050 04 - LIBRARY OF CONGRESS CALL NUMBER
Classification number 711.552 $1 8
100 1# - MAIN ENTRY--PERSONAL NAME
Personal name Wood, Trevor
245 04 - TITLE STATEMENT
Title The definitive guide to retail and leisure parks 2006
260 ## - PUBLICATION, DISTRIBUTION, ETC.
Place of publication, distribution, etc. High Wycombe
Name of publisher, distributor, etc. Trevor Wood
Place of publication, distribution, etc. London
Name of publisher, distributor, etc. Savills Commercial
Date of publication, distribution, etc. 2005
300 ## - PHYSICAL DESCRIPTION
Extent ix, 266p.
Dimensions 30cm.+
Accompanying material 1 supplement
350 ## - PRICE (NR) (BK AM CF MU VM SE) [OBSOLETE]
Price 345
520 ## - SUMMARY, ETC.
Summary, etc. A detailed review of retail parks, shopping parks, retail and leisure parks, leisure parks, major leisure schemes and retail warehousing developments. Includes a market overview, league tables, proposed schemes, regional analysis and a glossary of terms used. The accompanying supplement provides an executive summary.
690 ## - LOCAL SUBJECT ADDED ENTRY--TOPICAL TERM (OCLC, RLIN)
Topical term or geographic name as entry element PROPERTY-COMMERCIAL PROPERTY-RETAIL PROPERTY
710 2# - ADDED ENTRY--CORPORATE NAME
Corporate name or jurisdiction name as entry element Trevor Wood
9 (RLIN) 4873
710 2# - ADDED ENTRY--CORPORATE NAME
Corporate name or jurisdiction name as entry element Savills Commercial
9 (RLIN) 4872
942 ## - ADDED ENTRY ELEMENTS (KOHA)
Suppress in OPAC 0
Holdings
Withdrawn status Lost status Source of classification or shelving scheme Damaged status Not for loan Home library Current library Shelving location Date acquired Total Checkouts Full call number Barcode Date last seen Copy number Price effective from Koha item type Cost, normal purchase price Cost, replacement price
    Dewey Decimal Classification     London London Basement 01/02/2006   BASEMENT 30072419 06/08/2019 1 06/08/2019 Reference material    
    Dewey Decimal Classification     London London Books 01/02/2006   BASEMENT 131607-1002 06/08/2019 2 06/08/2019 Book 375.00 375.00